Topp fem länder per kontinent med störst befolkning år 2050 - Statistics

General Stats
  • This quiz has been taken 270 times
  • The average score is 22 of 30
Answer Stats
Kontinent Land % Correct
Europa Ryssland
97%
Nordamerika Förenta staterna
96%
Asien Kina
96%
Oceanien Australien
95%
Nordamerika Mexiko
95%
Asien Indien
93%
Nordamerika Kanada
93%
Sydamerika Brasilien
92%
Europa Frankrike
92%
Europa Tyskland
92%
Sydamerika Argentina
90%
Oceanien Nya Zeeland
88%
Europa Storbritannien
88%
Europa Italien
80%
Sydamerika Peru
76%
Afrika Egypten
73%
Sydamerika Colombia
70%
Asien Indonesien
70%
Afrika Nigeria
70%
Afrika DR Kongo
65%
Sydamerika Venezuela
64%
Oceanien Fiji
54%
Asien Pakistan
54%
Asien Bangladesh
51%
Afrika Etiopien
48%
Nordamerika Guatemala
41%
Oceanien Papua Nya Guinea
36%
Afrika Tanzania
36%
Nordamerika Haiti
31%
Oceanien Salomonöarna
27%
No matching quizzes found
Score Distribution
Percent of People with Each Score
Percentile by Number Answered
Your Score History
You have not taken this quiz